Meranie polohy podmorského robota

Guardado en:
Detalles Bibliográficos
Autor principal: Nagy, Zdenko Ladislav (Autor)
Otros Autores: Hubinský, Peter (Orientador)
Formato: Manuscrito Libro
Lenguaje:eslovaco
Publicado: 2018
Materias:
Acceso en línea:http://is.stuba.sk/zp/portal_zp.pl?podrobnosti=137601
Etiquetas: Agregar Etiqueta
Sin Etiquetas, Sea el primero en etiquetar este registro!

MARC

LEADER 00000ntm a22000003a 4500
001 stuzp65310
003 SK-STU
005 20181109105416.0
007 ta
008 150427s2015----xo-----f-mn---000-0-slo-d
040 |a STU  |b slo 
041 0 |a slo 
044 |a xo 
100 1 |a Nagy, Zdenko Ladislav  |u 031000  |4 aut  |U FEI Fakulta elektrotechniky a informatiky  |T FEI Ústav robotiky a kybernetiky  |X 72894  |U E011  |Y 356  |7 72894 
242 0 1 |a Measurement of Underwater Robot Position  |y eng 
245 1 0 |a Meranie polohy podmorského robota 
260 |c 2018 
300 |a 36 s.,  |b DVD 
650 4 |a localization  |2 eng 
650 4 |a IMU  |2 eng 
650 4 |a underwater robot  |2 eng 
650 4 |a podmorský robot  |2 slo 
650 4 |a IMU  |2 slo 
650 4 |a lokalizácia  |2 slo 
700 1 |a Hubinský, Peter  |u 031000  |k Z1  |4 ths  |U FEI Fakulta elektrotechniky a informatiky  |T FEI Ústav robotiky a kybernetiky  |X 4940  |U E011  |Y 356  |7 A000004940 
856 4 |u http://is.stuba.sk/zp/portal_zp.pl?podrobnosti=137601 
996 |b 284EP11967  |c E*DIPL- 11967  |l EE31  |s P  |a 0  |w stuzp65310_0001